000 00421cam a2200145u 4500
082 _a621.31242
_bELL
100 1 _aElliott, T. C. [from old catalog]
_941314
245 1 0 _aElectric accumulator manual,
260 _aLondon,
_bG. Newnes
_c[1948]
300 _a179 p.
_billus., diagrs.
_c23 cm.
526 _a0
_b0
_c0
_d621_312420000000000_ELL
650 0 _aMCE
_9379
650 0 _aStorage batteries.
_941093
942 _2ddc
_cBK
999 _c545458
_d545458